000 00347nam a2200133Ia 4500
008 190216s9999||||xx |||||||||||||| ||und||
100 _aMark W. Zemansky And Richard H. Dittman
245 0 _aHeat And Thermodynamics
250 _a7th Ed.
260 _bMcgraw-Hill International Edition
_c1997
300 _a479
650 _aPhysics
942 _cBK
999 _c32929
_d32929